[Event "Lazy Baltic Pearl op-B 06th"]
[Site "Lazy"]
[Date "2010.07.01"]
[Round "7"]
[White "Kanarkiewicz, Michal"]
[Black "Marciniszyn, Jakub"]
[Result "1/2-1/2"]
[WhiteElo "1918"]
[BlackElo "1744"]
[PlyCount "107"]
[EventDate "2010.06.27"]
[EventType "swiss"]
[EventRounds "9"]
[EventCountry "POL"]
[SourceTitle "EXT 2011"]
[Source "ChessBase"]
[SourceDate "2010.11.26"]
[SourceVersion "1"]
[SourceVersionDate "2010.11.26"]
[SourceQuality "1"]

1. d4 d5 2. Nc3 e6 3. e4 Bb4 4. e5 c5 5. a3 Bxc3+ 6. bxc3 Qa5 7. Bd2 cxd4 8. cxd4 Qa4 9. Nf3 b6 10. Bd3 Ba6 11. Qe2 Ne7 12. 0-0 Bxd3 13. Qxd3 Nbc6 14. Rfc1 Rc8 15. Qb3 Qa6 16. c4 dxc4 17. Rxc4 0-0 18. Rac1 Na5 19. Bxa5 Rxc4 20. Rxc4 bxa5 21. h3 Rc8 22. Rxc8+ Qxc8 23. Qb5 h6 24. Kh2 Kh7 25. Qxa5 Qc1 26. Qc5 Qf4+ 27. Kg1 Nf5 28. Qc2 g6 29. Qd3 Qc1+ 30. Kh2 Qb2 31. Kg1 Qc1+ 32. Kh2 Qb2 33. Qd2 Qxd2 34. Nxd2 Nxd4 35. Nc4 Kg7 36. Kg3 Kf8 37. Kf4 Ke7 38. Ke4 Nc6 39. f4 f6 40. g3 Kf7 41. Kd3 fxe5 42. Nxe5+ Nxe5+ 43. fxe5 Ke7 44. Kc4 Kd7 45. Kb5 Kc7 46. Ka6 Kb8 47. a4 Ka8 48. h4 Kb8 49. a5 Ka8 50. g4 Kb8 51. Kb5 Kb7 52. Kc5 Kc7 53. Kb5 Kb7 54. Kc5 1/2-1/2

[Event "Lazy Baltic Pearl op-B 06th"]
[Site "Lazy"]
[Date "2010.07.01"]
[Round "6"]
[White "Marciniszyn, Jakub"]
[Black "Karski, Sebastian"]
[Result "1/2-1/2"]
[WhiteElo "1744"]
[BlackElo "1842"]
[PlyCount "62"]
[EventDate "2010.06.27"]
[EventType "swiss"]
[EventRounds "9"]
[EventCountry "POL"]
[SourceTitle "EXT 2011"]
[Source "ChessBase"]
[SourceDate "2010.11.26"]
[SourceVersion "1"]
[SourceVersionDate "2010.11.26"]
[SourceQuality "1"]

1. d4 d5 2. c4 c6 3. cxd5 cxd5 4. Nc3 Nf6 5. Bf4 e6 6. e3 a6 7. Bd3 Bd6 8. Bg3 0-0 9. Nf3 Nc6 10. a3 h6 11. 0-0 b5 12. b4 Bb7 13. Nd2 Bxg3 14. hxg3 e5 15. Nb3 Qb6 16. Rc1 Rfd8 17. Re1 Rac8 18. Be2 Ne4 19. Nc5 Nxc3 20. Rxc3 exd4 21. exd4 a5 22. Qd2 Rc7 23. Re3 axb4 24. axb4 Re7 25. Rxe7 Nxe7 26. Bg4 Nc6 27. Bd7 Nb8 28. Bf5 Bc8 29. Bc2 Nc6 30. Qd3 g6 31. Qd2 Kg7 1/2-1/2

[Event "Lazy Baltic Pearl op-B 06th"]
[Site "Lazy"]
[Date "2010.06.27"]
[Round "1"]
[White "Marciniszyn, Jakub"]
[Black "Zielinski, Maciej"]
[Result "1-0"]
[WhiteElo "1744"]
[BlackElo "1973"]
[PlyCount "107"]
[EventDate "2010.06.27"]
[EventType "swiss"]
[EventRounds "9"]
[EventCountry "POL"]
[SourceTitle "EXT 2011"]
[Source "ChessBase"]
[SourceDate "2010.11.26"]
[SourceVersion "1"]
[SourceVersionDate "2010.11.26"]
[SourceQuality "1"]

1. d4 Nf6 2. c4 g6 3. Nc3 Bg7 4. e4 d6 5. f3 0-0 6. Be3 Nbd7 7. Bd3 e5 8. d5 Nh5 9. Qd2 Nc5 10. Nge2 f5 11. 0-0-0 f4 12. Bf2 a6 13. Kb1 Bd7 14. Nc1 Rb8 15. Nb3 Qe7 16. Qe2 g5 17. Rc1 g4 18. Nxc5 dxc5 19. fxg4 Nf6 20. h3 b5 21. Rhe1 c6 22. dxc6 Bxc6 23. cxb5 axb5 24. Bxb5 Rxb5 25. Nxb5 Nxe4 26. Qc4+ Qf7 27. Rxe4 Qxc4 28. Rexc4 Bxb5 29. Rxc5 Bd3+ 30. Ka1 e4 31. Rc8 e3 32. Rxf8+ Bxf8 33. Be1 Bf1 34. Rc2 Kf7 35. a4 Ke6 36. g3 Bxh3 37. gxf4 Kd5 38. Rh2 Bxg4 39. Rxh7 Kc4 40. f5 Kd3 41. f6 Kc2 42. Rh8 Bd6 43. f7 Be5 44. Bc3 e2 45. Rh1 Bd6 46. Bg7 Bf3 47. Rg1 Kb3 48. f8Q Bxf8 49. Bxf8 Kxa4 50. b4 Bd5 51. Kb2 Bb3 52. Re1 Bd1 53. Kc1 Kb5 54. Rxd1 1-0

[Event "Orlova op 7th"]
[Site "Orlova"]
[Date "2010.05.25"]
[Round "5"]
[White "Marciniszyn, Jakub"]
[Black "Reznicek, Marcel"]
[Result "0-1"]
[WhiteElo "1744"]
[BlackElo "2053"]
[PlyCount "40"]
[EventDate "2010.05.22"]
[EventType "swiss"]
[EventRounds "7"]
[EventCountry "CZE"]
[SourceTitle "EXT 2012"]
[Source "ChessBase"]
[SourceDate "2011.11.24"]
[SourceVersion "1"]
[SourceVersionDate "2011.11.24"]
[SourceQuality "1"]

1. d4 Nf6 2. c4 g6 3. Nc3 d5 4. Nf3 Bg7 5. Bg5 Ne4 6. cxd5 Nxg5 7. Nxg5 e6 8. Qd2 h6 9. Nf3 exd5 10. e3 0-0 11. Bd3 Nc6 12. Rc1 Bg4 13. Be2 Ne7 14. 0-0 c6 15. b4 a6 16. a4 b5 17. Ne1 Bf5 18. Bd3 Bg4 19. Be2 Bf5 20. Bd3 Qd6 0-1

[Event "Orlova op 7th"]
[Site "Orlova"]
[Date "2010.05.23"]
[Round "3"]
[White "Marciniszyn, Jakub"]
[Black "Trukhanova, Tatiana"]
[Result "1-0"]
[WhiteElo "1744"]
[BlackElo "1250"]
[PlyCount "75"]
[EventDate "2010.05.22"]
[EventType "swiss"]
[EventRounds "7"]
[EventCountry "CZE"]
[SourceTitle "EXT 2012"]
[Source "ChessBase"]
[SourceDate "2011.11.24"]
[SourceVersion "1"]
[SourceVersionDate "2011.11.24"]
[SourceQuality "1"]

1. d4 f5 2. Nf3 g6 3. g3 Bg7 4. Bg2 Nf6 5. c4 0-0 6. 0-0 Nc6 7. Nc3 d6 8. Re1 Qe8 9. b3 e5 10. dxe5 dxe5 11. Bb2 b6 12. Nd5 Nxd5 13. cxd5 Nb4 14. a3 Na6 15. Rc1 Bb7 16. e3 h6 17. Nd2 Rd8 18. Nc4 Qf7 19. Nxe5 Bxe5 20. Bxe5 Bxd5 21. Qe2 Nc5 22. b4 Bxg2 23. bxc5 Bh3 24. cxb6 Qd5 25. Qc4 cxb6 26. Qxd5+ Rxd5 27. Bd4 Rfd8 28. Rc7 R8d7 29. Rec1 Kf7 30. f3 Ke8 31. R7c2 g5 32. Kf2 Rf7 33. Rc6 Rh7 34. Re6+ Kf8 35. Rcc6 h5 36. Rf6+ Ke8 37. Rfe6+ Kd7 38. Bf6 1-0

[Event "POL-ch U14"]
[Site "Sekocin Stary"]
[Date "2010.05.03"]
[Round "4"]
[White "Karski, Sebastian"]
[Black "Marciniszyn, Jakub"]
[Result "1/2-1/2"]
[WhiteElo "1842"]
[BlackElo "1744"]
[PlyCount "49"]
[EventDate "2010.05.01"]
[EventType "swiss"]
[EventRounds "10"]
[EventCountry "POL"]
[SourceTitle "EXT 2011"]
[Source "ChessBase"]
[SourceDate "2010.11.26"]
[SourceVersion "1"]
[SourceVersionDate "2010.11.26"]
[SourceQuality "1"]

1. e4 e6 2. d4 d5 3. Nd2 Nf6 4. e5 Nfd7 5. Bd3 c5 6. c3 Nc6 7. Ne2 Qb6 8. Nf3 f6 9. exf6 Nxf6 10. 0-0 Bd6 11. Re1 cxd4 12. cxd4 0-0 13. Bb1 e5 14. dxe5 Nxe5 15. Nxe5 Bxe5 16. Be3 Qb4 17. a3 Bxh2+ 18. Kxh2 Qh4+ 19. Kg1 Ng4 20. Nf4 Rxf4 21. Bxf4 Qxf2+ 22. Kh1 Qh4+ 23. Kg1 Qf2+ 24. Kh1 Qh4+ 25. Kg1 1/2-1/2

[Event "POL-ch U14"]
[Site "Sekocin Stary"]
[Date "2010.05.01"]
[Round "1"]
[White "Renkowski, Piotr"]
[Black "Marciniszyn, Jakub"]
[Result "1-0"]
[WhiteElo "1898"]
[BlackElo "1744"]
[PlyCount "63"]
[EventDate "2010.05.01"]
[EventType "swiss"]
[EventRounds "10"]
[EventCountry "POL"]
[SourceTitle "EXT 2011"]
[Source "ChessBase"]
[SourceDate "2010.11.26"]
[SourceVersion "1"]
[SourceVersionDate "2010.11.26"]
[SourceQuality "1"]

1. e4 e6 2. d4 d5 3. e5 c5 4. c3 Qb6 5. Nf3 Nc6 6. Bd3 cxd4 7. cxd4 Bd7 8. 0-0 Nxd4 9. Nxd4 Qxd4 10. Nc3 a6 11. Be3 Qxe5 12. Re1 Bd6 13. f4 Qf6 14. Nxd5 Qd8 15. Nb6 Rb8 16. Bxa6 Bxf4 17. Nxd7 Bxe3+ 18. Rxe3 Qxd7 19. Qxd7+ Kxd7 20. Bb5+ Ke7 21. Rc1 Nh6 22. Rc7+ Kf6 23. Rf3+ Ke5 24. Re3+ Kf6 25. Bd7 Nf5 26. Rb3 Nd6 27. Rb6 Ke5 28. Rc5+ Kd4 29. Ra5 Nc4 30. Rb4 Ra8 31. Rxa8 Rxa8 32. b3 1-0

[Event "Lazy Baltic Pearl op-B 05th"]
[Site "Lazy"]
[Date "2009.06.21"]
[Round "?"]
[White "Lewandowski, Marek"]
[Black "Marciniszyn, Jakub"]
[Result "1-0"]
[WhiteElo "1952"]
[BlackElo "1773"]
[PlyCount "61"]
[EventDate "2009.06.21"]
[EventType "swiss"]
[EventRounds "9"]
[EventCountry "POL"]
[SourceTitle "EXT 2023"]
[Source "ChessBase"]
[SourceDate "2022.10.05"]
[SourceVersion "1"]
[SourceVersionDate "2022.10.05"]
[SourceQuality "1"]

1. e4 e6 2. d4 d5 3. Nc3 Bb4 4. e5 c5 5. Bd2 cxd4 6. Nb5 Bc5 7. b4 Bb6 8. Qg4 Kf8 9. Nxd4 Ne7 10. Ngf3 Bd7 11. Bd3 Nbc6 12. c3 a6 13. h4 Qc7 14. Qf4 Ng6 15. Bxg6 hxg6 16. 0-0 Ne7 17. g4 Nc6 18. Ng5 Nd8 19. Kg2 Bxd4 20. cxd4 Rxh4 21. Rh1 Rxh1 22. Rxh1 Ke7 23. Rh7 Kf8 24. Rh8+ Ke7 25. Rg8 Be8 26. Rxg7 Kd7 27. Rg8 Qc6 28. Qf6 Kc7 29. Qe7+ Bd7 30. Nxf7 Qc2 31. Qd6+ 1-0